| 000 | 00339nam a22001337a 4500 | ||
|---|---|---|---|
| 008 | 170828b xxu||||| |||| 00| 0 eng d | ||
| 020 | _a9780534620196 | ||
| 041 | _aeng | ||
| 080 |
_24 ED _a070 |
||
| 100 | _a39 | ||
| 101 | _aMED | ||
| 245 |
_aMEDIA NOW UNDERSTANDING MEDIA CULTURE AND TECHNOLOGY _cLAROSE.S |
||
| 942 |
_2udc _cBK |
||
| 999 |
_c25179 _d25179 |
||